NBA: Lakers Scoring Leader Every Season - Statistics

General Stats
  • This quiz has been taken 196 times
  • The average score is 59 of 75
Answer Stats
Season PPG Position Answer % Correct
2023 28.9 F LeBron James
100%
2022 30.3 F LeBron James
100%
2021 25.0 G LeBron James
100%
2019 27.4 F LeBron James
100%
2016 17.6 F Kobe Bryant
99%
2015 22.3 G Kobe Bryant
99%
2013 27.3 G Kobe Bryant
99%
2012 27.9 G Kobe Bryant
99%
2011 25.3 G Kobe Bryant
99%
2010 27.0 G Kobe Bryant
99%
2009 26.8 G Kobe Bryant
99%
2008 28.3 G Kobe Bryant
99%
2007 31.6 G Kobe Bryant
99%
2006 35.4 G Kobe Bryant
99%
2005 27.6 G Kobe Bryant
99%
2004 24.0 G Kobe Bryant
99%
2003 30.0 G Kobe Bryant
99%
2002 27.2 C Shaquille O'Neal
99%
2001 28.7 C Shaquille O'Neal
99%
2000 29.7 C Shaquille O'Neal
99%
1999 26.3 C Shaquille O'Neal
99%
1998 28.3 C Shaquille O'Neal
99%
1997 26.2 C Shaquille O'Neal
99%
2020 26.1 F Anthony Davis
97%
1990 22.3 G Magic Johnson
96%
1989 22.5 G Magic Johnson
96%
1987 23.9 G Magic Johnson
96%
1986 23.4 C Kareem Abdul-Jabbar
93%
1985 22.0 C Kareem Abdul-Jabbar
93%
1984 21.5 C Kareem Abdul-Jabbar
93%
1983 21.8 C Kareem Abdul-Jabbar
93%
1982 23.9 C Kareem Abdul-Jabbar
93%
1981 26.2 C Kareem Abdul-Jabbar
93%
1980 24.8 C Kareem Abdul-Jabbar
93%
1979 23.8 C Kareem Abdul-Jabbar
93%
1978 25.8 C Kareem Abdul-Jabbar
93%
1977 26.2 C Kareem Abdul-Jabbar
93%
1976 27.7 C Kareem Abdul-Jabbar
93%
1971 26.9 G Jerry West
90%
1970 31.2 G Jerry West
90%
1969 25.9 G Jerry West
90%
1968 26.3 G Jerry West
90%
1967 28.7 G Jerry West
90%
1966 31.3 G Jerry West
90%
1965 31.0 G Jerry West
90%
1964 28.7 G Jerry West
90%
1992 19.9 F James Worthy
84%
1991 21.4 F James Worthy
84%
1963 34.0 F Elgin Baylor
81%
1962 38.3 F Elgin Baylor
81%
1961 34.8 F Elgin Baylor
81%
1960 29.6 F Elgin Baylor
81%
1959 24.9 F Elgin Baylor
81%
1954 18.1 C George Mikan
70%
1953 20.6 C George Mikan
70%
1952 23.8 C George Mikan
70%
1951 28.4 C George Mikan
70%
1950 27.4 C George Mikan
70%
1949 28.3 C George Mikan
70%
1975 22.6 G Gail Goodrich
49%
1974 25.3 G Gail Goodrich
49%
1973 23.9 G Gail Goodrich
49%
1972 25.9 G Gail Goodrich
49%
1988 21.7 G Byron Scott
48%
2018 16.1 C Julius Randle
48%
1994 14.2 C Vlade Divac
45%
2014 17.9 G Nick Young
32%
1958 17.3 F Vern Mikkelsen
27%
1955 18.7 F Vern Mikkelsen
27%
1996 21.2 F Cedric Ceballos
25%
1995 21.7 F Cedric Ceballos
25%
2017 18.6 G Lou Williams
18%
1957 20.8 C Clyde Lovellette
13%
1956 21.5 C Clyde Lovellette
13%
1993 15.1 G Sedale Threatt
13%
No matching quizzes found
Score Distribution
Percent of People with Each Score
Percentile by Number Answered
Your Score History
You have not taken this quiz